000 00759nam a2200241 i 4500
001 C2-0343255
003 PPAK
005 20180728144456.0
008 170911s2017 nyua|||| ||||| | eng d
020 _a9781138922570
040 _aPPAK
_beng
_cPPAK
_erda
082 0 4 _a330.091273
_223
090 0 0 _a330.091273
_bINN
_dR
245 0 0 _aInnovations in economic education :
_bpromising practices for teachers and student, K-16
264 1 _aNew York :
_bRoutledge ,
_c2017
300 _aix, 216 pages :
_billustrations ;
_c23 cm
336 _2rdacontent
_atext
337 _2rdamedia
_aunmediated
338 _2rdacarrier
_avolume
650 1 0 _aEconomics - Study and teaching - United States.
700 1 _aHenning, Mary Beth,
_eeditor
942 _ddc
_cB
999 _c140131
_d140131